000 00701nam a2200289Ia 4500
005 20260324143913.0
008 008 260324s9999 xx 000 0 eng d
020 _a9780203393413
037 _aEBOOK
040 _aCRL
040 _beng
040 _cCRL
041 _2eng
041 _aeng
084 _qCRL
100 _aAlan Tomlinson
_91120519
245 0 _aConsumption, Identity and Style
245 0 _bMarketing, meanings, and the packaging of pleasure
260 _bTaylor and Francis
260 _c1990
365 _a
365 _b165
856 _uhttp://www.taylorfrancis.com/books/9780203393413
942 _cEBOOK
999 _c1823306
_d1823306